00439 2200181 4500001002100000008004100021035002000062245004900082100002000131250000600151260002900157300001200186084001400198082000800212650001300220990001200233990001200245INLIS000000000000798 ind  a0010-0524000033 aBuku Saku Fisika Kelas X IPAcSamekto Budi P aBudi P, Samekto a1 aYogyakarta :bAndic2013 a294 hlm a530 SAM f a530 aNonFiksi a0740445 a0740446